000 00556nam a22002057a 4500
003 OSt
005 20140310182930.0
008 130131t xxu||||| |||| 00| 0 eng d
020 _a9711110679
050 _aHB 171.5
_b.C837 2000
082 _aFIL 330
_b.C837 2000
245 _aEconomics : principles and applications
_cCostales, Achilles C.... [et al.]
260 _aQuezon City
_bMC Press
_cc2000
300 _ax, 322 p.
_bill.
_c25 cm.
521 _aCollege
526 _c1210L-1700L
541 _j1
562 _e1
942 _2lcc
_cBK
_kFIL
999 _c17522
_d17522